000 00462nam a2200145Ia 4500
008 230917s9999||||xx |||||||||||||| ||und||
040 _e177778
_aMAIN
041 _aEnglish
082 _a891.432741 RK197K
100 _aरवीन्द्र कुमार
245 0 _aकटे अँगूठे का पर्व
260 _aनई दिल्ली
_bभारतीय ज्ञानपीठ
_c2007
300 _a104 पृ. p.
942 _cHN
999 _c144042
_d144042